Návrh meracej sústavy a spracovania dát spaľovacieho motora

Saved in:
Bibliographic Details
Main Author: Vojtek, David (Author)
Other Authors: Polóni, Marián (Thesis advisor)
Format: Manuscript Book
Language:Slovak
Published: 2016
Subjects:
Online Access:http://is.stuba.sk/zp/portal_zp.pl?podrobnosti=132912
Tags: Add Tag
No Tags, Be the first to tag this record!

MARC

LEADER 00000ntm a22000003a 4500
001 stuzp56638
003 SK-STU
005 20160719155042.5
007 ta
008 150427s2015----xo-----f-mn---000-0-slo-d
040 |a STU  |b slo 
041 0 |a slo 
100 1 |a Vojtek, David  |u 020030  |4 aut  |U SjF Strojnícka fakulta  |T SjF Ústav dopravnej techniky a konštruovania  |X 42030  |U J0030  |Y 806  |7 42030 
242 0 1 |a Proposition of measurement and data processing in a combustion engine  |y eng 
245 1 0 |a Návrh meracej sústavy a spracovania dát spaľovacieho motora 
260 |c 2016 
650 4 |a dynamometer  |2 slo 
650 4 |a spaľovací motor  |2 slo 
650 4 |a výkon  |2 slo 
650 4 |a spotreba paliva  |2 slo 
650 4 |a combustion engine  |2 eng 
650 4 |a fuel consumption  |2 eng 
650 4 |a dynamometer  |2 eng 
650 4 |a power  |2 eng 
700 1 |a Polóni, Marián  |u 020030  |k Z1  |4 ths  |U SjF Strojnícka fakulta  |T SjF Ústav dopravnej techniky a konštruovania  |X 2462  |U J0030  |Y 806  |7 A000002462 
856 4 |u http://is.stuba.sk/zp/portal_zp.pl?podrobnosti=132912 
996 |b 284J044910  |c J* 2540/BP  |l JJSK  |s A  |a 24  |w stuzp56638_0001 
SQL |a stuzp56638  |b DBP  |c SLO  |d Návrh meracej sústavy a spracovania dát spaľovacieho motora  |e 42030  |f Vojtek, David  |g 020030  |h 2462  |i Polóni, Marián  |j 20160614  |k 1125  |l 02  |m http://is.stuba.sk/zp/portal_zp.pl?podrobnosti=132912  |n B-AMPS  |o 5.2.3. dopravné stroje a zariadenia